| Tag |
First Indicator |
Second Indicator |
Subfields |
| LEADER |
00000cam a2200000 i 4500 |
| 001 |
in00000367613 |
| 005 |
20151011074819.0 |
| 008 |
780325s1937 sz b 00010 eng d |
| 035 |
|
|
|a (OCoLC)03747233
|
| 035 |
|
|
|9 ABP5574AM
|
| 040 |
|
|
|a TXA
|c TXA
|d UtOrBLW
|
| 049 |
|
|
|a TXAM
|c [82901]
|
| 090 |
|
|
|a SF251
|b .B4
|
| 100 |
1 |
|
|a Bendixen, H. C.
|
| 245 |
1 |
4 |
|a The milk problem :
|b a critical study of its nutritional, hygienic, economic and social aspects /
|c by H. C. Bendixen [and others].
|
| 264 |
|
1 |
|a Geneva :
|b Publications Dept. of the League of Nations,
|c 1937.
|
| 300 |
|
|
|a 134 pages ;
|c 25 cm.
|
| 336 |
|
|
|a text
|b txt
|2 rdacontent
|
| 337 |
|
|
|a unmediated
|b n
|2 rdamedia
|
| 338 |
|
|
|a volume
|b nc
|2 rdacarrier
|
| 500 |
|
|
|a "Off-print number4 from the Bulletin of the Health organization (volume 6, number 3, June 1937.)."
|
| 504 |
|
|
|a Bibliography: pages 132-134.
|
| 650 |
|
0 |
|a Milk.
|
| 999 |
|
|
|a MARS
|
| 999 |
f |
f |
|s bc0fe518-83d6-39ab-8069-58be979fb729
|i c8e024ef-24c0-360e-833c-ad00ec7d6e70
|t 0
|
| 952 |
f |
f |
|p ric
|a Texas A&M University
|b Rellis Campus
|c Joint Library Facility
|d Remote Storage
|t 0
|e SF251 .B4
|h Library of Congress classification
|i unmediated -- volume
|m A14826852058
|
| 998 |
f |
f |
|a SF251 .B4
|t 0
|l Remote Storage
|